The imaginary institution of India: (Record no. 152602)

MARC details
000 -LEADER
fixed length control field 00655nam a22001937a 4500
005 - DATE AND TIME OF LATEST TRANSACTION
control field 20180608165257.0
010 ## - LCCN (DPL NO)
LC control number ENG-123179
020 ## - INTERNATIONAL STANDARD BOOK NUMBER
International Standard Book Number 8178243571
Terms of availability 695.00
035 ## - SYSTEM CONTROL NUMBER
System control number EN-106711
037 ## - SOURCE OF ACQUISITION
Source of stock number/acquisition DBAD/PUB
082 ## - DEWEY DECIMAL CLASSIFICATION NUMBER
Classification number 306.20954
100 ## - MAIN ENTRY--PERSONAL NAME
Personal name Sudipta Kaviraj
245 ## - TITLE STATEMENT
Title The imaginary institution of India:
Statement of responsibility, etc by Sudipta Kaviraj
Remainder of title politics and ideas /
260 ## - PUBLICATION, DISTRIBUTION, ETC. (IMPRINT)
Place of publication, distribution, etc New Delhi
Name of publisher, distributor, etc Permanent Black in association with Ashoka University
Date of publication, distribution, etc 2017
270 ## - ADDRESS
Address Himalayana, Mall Road, Ranikhet Cantt, Ranikhet 263645
City New Delhi
Postal code 110092
300 ## - PHYSICAL DESCRIPTION
Extent 299p.
Dimensions 21cm(pbk)
500 ## - GENERAL NOTE
General note it include index
942 ## - ADDED ENTRY ELEMENTS (KOHA)
Source of classification or shelving scheme Dewey Decimal Classification
Item type English Books
Call number suffix SUD
Classification part 306.20954
Holdings
Withdrawn status Lost status Not for loan Collection code Home library Current library Date acquired Source of acquisition Cost, normal purchase price Full call number Barcode Copy number Cost, replacement price Koha item type
    Not For Loan Non-fiction D.B.Act.Division Sarojini Nagar 08/06/2018 DBAD/PUB 695.00 306.20954 SUD EN-106711 1 695.00 English Books

© Delhi Public Library
Hit Counter
free hit counter